000 00679nam a2200241Ia 4500
003 OSt
005 20220923225108.0
006 a|||||r|||| 00| 0
007 ta
008 220922b |||||||| |||| 00| 0 hin d
024 _a257,200
037 _cTextual
040 _aARTS
_cARTS
_bhin
041 _2hin
_ahin
082 _aR65,6:g, K2
100 _aविनोबा
245 0 _aगीता प्रवचनानि
246 _aGītā pravachanāni
260 _aकाशी
_b अखिल भारत सेवा
_c1962
300 _a356पृ.
_ccm.
942 _hR65,6:g, K2
_cTEXL
_2CC
999 _c376022
_d376022